NCAA Men's D1 Basketball Player-of-the-Year - Statistics

General Stats
  • This quiz has been taken 36 times
  • The average score is 18 of 36
Answer Stats
Year School Player Name % Correct
2024 Purdue Zach Edey
94%
2023 Purdue Zach Edey
94%
2025 Duke Cooper Flagg
90%
2007 Texas Kevin Durant
81%
2012 Kentucky Anthony Davis
77%
2018 Villanova Jalen Brunson
77%
2019 Duke Zion Williamson
71%
2016 Oklahoma Buddy Hield
61%
2011 BYU Jimmer Fredette
61%
2021 Iowa Luke Garza
61%
2020 Dayton Obi Toppin
61%
2009 Oklahoma Blake Griffin
58%
1992 Duke Christian Laettner
58%
1997 Wake Forest Tim Duncan
58%
2015 Wisconsin Frank Kaminsky
55%
2002 Duke Jason Williams
55%
2006 Duke JJ Redick
52%
1991 UNLV Larry Johnson
52%
2014 Creighton Doug McDermott
48%
2008 North Carolina Tyler Hansbrough
48%
2013 Michigan Trey Burke
45%
2005 Utah Andrew Bogut
42%
1999 Duke Elton Brand
42%
2022 Kentucky Oscar Tshiebwe
42%
2017 Kansas Frank Mason III
39%
2001 Duke Shane Battier
39%
1994 Purdue Glenn Robinson
35%
2004 St. Joseph's Jameer Nelson
35%
1995 Maryland Joe Smith
35%
2000 Cincinnati Kenyon Martin
35%
2010 Ohio State Evan Turner
32%
1996 UMass Marcus Camby
29%
1998 North Carolina Antawn Jamison
19%
2003 Texas TJ Ford
19%
1993 Indiana Calbert Cheaney
16%
1990 La Salle Lionel Simmons
0%
No matching quizzes found
Score Distribution
Percent of People with Each Score
Percentile by Number Answered
Your Score History
You have not taken this quiz